[Event "Deutsche Ländermeisterschaft 2025"]
[Site "Oer-Erkenschwick GER"]
[Date "2025.10.04"]
[Round "6"]
[White "Schröder, Hannes Artur"]
[Black "Ahryzkov, Ivan"]
[Result "1/2-1/2"]
[Termination "normal"]
[Board "8.4"]
[WhiteElo "1826"]
[BlackElo "1870"]
[WhiteClock "00:20:07"]
[BlackClock "00:02:45"]
[WhiteTeam "Mecklenburg-Vorpommern"]
[BlackTeam "Hamburg 1"]
[PlyCount "77"]
[WhiteFideId "34608818"]
[BlackFideId "34123750"]
[EventCountry "GER"]
[EventRounds "7"]
[EventType "team-swiss"]
[EventDate "2025.09.30"]

1. c4 {[%clk 01:30:54]} {[%emt 00:00:06]} e5 {[%clk 01:30:46]} {[%emt
00:00:14]} 2. g3 {[%clk 01:31:19]} {[%emt 00:00:05]} Nf6 {[%clk 01:29:52]}
{[%emt 00:01:24]} 3. Bg2 {[%clk 01:31:43]} {[%emt 00:00:06]} Nc6 {[%clk
01:29:30]} {[%emt 00:00:52]} 4. Nc3 {[%clk 01:32:05]} {[%emt 00:00:09]} Bb4
{[%clk 01:27:43]} {[%emt 00:02:16]} 5. e3 {[%clk 01:31:37]} {[%emt 00:00:57]}
Bxc3 {[%clk 01:21:09]} {[%emt 00:07:05]} 6. bxc3 {[%clk 01:31:38]} {[%emt
00:00:29]} e4 {[%clk 01:21:27]} {[%emt 00:00:12]} 7. Ne2 {[%clk 01:27:48]}
{[%emt 00:04:20]} Ne5 {[%clk 01:18:57]} {[%emt 00:03:00]} 8. Qc2 {[%clk
01:24:24]} {[%emt 00:03:54]} Nd3+ {[%clk 01:15:59]} {[%emt 00:03:28]} 9. Kf1
{[%clk 01:24:20]} {[%emt 00:00:33]} Qe7 {[%clk 01:15:44]} {[%emt 00:00:45]} 10.
Nf4 {[%clk 01:22:51]} {[%emt 00:01:59]} Nxc1 {[%clk 01:12:20]} {[%emt
00:03:55]} 11. Rxc1 {[%clk 01:22:39]} {[%emt 00:00:42]} c6 {[%clk 01:11:17]}
{[%emt 00:01:33]} 12. f3 {[%clk 01:16:20]} {[%emt 00:06:49]} d5 {[%clk
00:45:14]} {[%emt 00:26:33]} 13. cxd5 {[%clk 01:15:11]} {[%emt 00:01:39]} cxd5
{[%clk 00:45:40]} {[%emt 00:00:04]} 14. c4 {[%clk 01:13:30]} {[%emt 00:02:11]}
exf3 {[%clk 00:45:37]} {[%emt 00:00:33]} 15. Bxf3 {[%clk 01:13:45]} {[%emt
00:00:16]} dxc4 {[%clk 00:46:04]} {[%emt 00:00:03]} 16. Qxc4 {[%clk 01:12:32]}
{[%emt 00:01:42]} O-O {[%clk 00:46:28]} {[%emt 00:00:05]} 17. Kg2 {[%clk
01:08:02]} {[%emt 00:05:01]} Rd8 {[%clk 00:42:30]} {[%emt 00:04:28]} 18. Rhd1
{[%clk 01:06:28]} {[%emt 00:02:04]} Bf5 {[%clk 00:28:07]} {[%emt 00:14:52]} 19.
Qc5 {[%clk 00:57:41]} {[%emt 00:09:18]} Qd7 {[%clk 00:28:19]} {[%emt 00:00:17]}
20. Qc7 {[%clk 00:57:19]} {[%emt 00:00:52]} g5 {[%clk 00:28:17]} {[%emt
00:00:33]} 21. Ne2 {[%clk 00:50:06]} {[%emt 00:07:43]} Bh3+ {[%clk 00:23:12]}
{[%emt 00:05:34]} 22. Kg1 {[%clk 00:48:40]} {[%emt 00:01:56]} Qf5 {[%clk
00:22:48]} {[%emt 00:00:54]} 23. Bxb7 {[%clk 00:43:35]} {[%emt 00:05:35]} Nd5
{[%clk 00:18:57]} {[%emt 00:04:21]} 24. Bxd5 {[%clk 00:34:21]} {[%emt
00:09:44]} Rxd5 {[%clk 00:18:59]} {[%emt 00:00:28]} 25. Rf1 {[%clk 00:33:23]}
{[%emt 00:01:28]} Bxf1 {[%clk 00:19:17]} {[%emt 00:00:13]} 26. Rxf1 {[%clk
00:33:51]} {[%emt 00:00:03]} Qd7 {[%clk 00:19:13]} {[%emt 00:00:34]} 27. Qxd7
{[%clk 00:33:29]} {[%emt 00:00:52]} Rxd7 {[%clk 00:19:38]} {[%emt 00:00:05]}
28. Nd4 {[%clk 00:33:55]} {[%emt 00:00:04]} Rb8 {[%clk 00:19:04]} {[%emt
00:01:04]} 29. Rf5 {[%clk 00:33:00]} {[%emt 00:01:25]} h6 {[%clk 00:18:25]}
{[%emt 00:01:08]} 30. Nb3 {[%clk 00:32:37]} {[%emt 00:00:53]} Rc8 {[%clk
00:16:11]} {[%emt 00:02:44]} 31. Ra5 {[%clk 00:27:34]} {[%emt 00:05:33]} Rc6
{[%clk 00:06:00]} {[%emt 00:10:40]} 32. Kf2 {[%clk 00:23:22]} {[%emt 00:04:35]}
Kg7 {[%clk 00:05:13]} {[%emt 00:01:27]} 33. Ke2 {[%clk 00:23:34]} {[%emt
00:00:17]} Kg6 {[%clk 00:05:04]} {[%emt 00:00:35]} 34. Nd4 {[%clk 00:22:15]}
{[%emt 00:01:53]} Rc1 {[%clk 00:03:29]} {[%emt 00:02:04]} 35. Ra6+ {[%clk
00:21:57]} {[%emt 00:00:49]} f6 {[%clk 00:03:33]} {[%emt 00:00:25]} 36. Nf3
{[%clk 00:21:27]} {[%emt 00:01:00]} Kf7 {[%clk 00:03:30]} {[%emt 00:00:32]} 37.
g4 {[%clk 00:21:13]} {[%emt 00:00:46]} Rc4 {[%clk 00:02:56]} {[%emt 00:01:02]}
38. Nd4 {[%clk 00:20:07]} {[%emt 00:01:38]} Kg6 {[%clk 00:02:45]} {[%emt
00:00:39]} 39. Nf3 {[%emt 00:02:11]} 1/2-1/2

[Event "Deutsche Ländermeisterschaft 2025"]
[Site "Oer-Erkenschwick GER"]
[Date "2025.10.04"]
[Round "6"]
[White "Kutlar, Aras"]
[Black "Wilke, Ronja"]
[Result "1-0"]
[Termination "normal"]
[Board "8.5"]
[WhiteElo "1819"]
[BlackElo "1671"]
[WhiteClock "00:07:09"]
[BlackClock "00:06:20"]
[WhiteTeam "Hamburg 1"]
[BlackTeam "Mecklenburg-Vorpommern"]
[PlyCount "70"]
[WhiteFideId "51682117"]
[BlackFideId "16288378"]
[EventCountry "GER"]
[EventRounds "7"]
[EventType "team-swiss"]
[EventDate "2025.09.30"]

1. e4 {[%clk 01:30:56]} {[%emt 00:00:04]} c6 {[%clk 01:30:51]} {[%emt
00:00:09]} 2. d4 {[%clk 01:31:16]} {[%emt 00:00:10]} d5 {[%clk 01:31:16]}
{[%emt 00:00:05]} 3. exd5 {[%clk 01:31:33]} {[%emt 00:00:14]} cxd5 {[%clk
01:31:35]} {[%emt 00:00:10]} 4. Bd3 {[%clk 01:31:50]} {[%emt 00:00:13]} Nc6
{[%clk 01:31:08]} 5. c3 {[%clk 01:31:50]} g6 {[%clk 01:31:08]} 6. Bf4 {[%clk
01:31:48]} {[%emt 00:03:48]} Bg7 {[%clk 01:28:59]} 7. Nd2 {[%clk 01:27:54]}
{[%emt 00:05:46]} f6 {[%clk 01:25:44]} 8. Bg3 {[%clk 01:21:38]} {[%emt
00:10:30]} Nh6 {[%clk 01:19:04]} 9. Ngf3 {[%clk 01:21:38]} Nf7 {[%clk
01:19:04]} 10. Bc2 {[%clk 01:21:38]} O-O {[%clk 01:19:04]} 11. O-O {[%clk
01:21:38]} e5 {[%clk 01:19:04]} 12. dxe5 {[%clk 01:21:38]} fxe5 {[%clk
01:19:04]} 13. Nb3 {[%clk 01:21:38]} b6 {[%clk 01:19:04]} 14. h3 {[%clk
01:21:38]} Be6 {[%clk 01:19:04]} 15. Re1 {[%clk 01:21:38]} Qd7 {[%clk
01:19:04]} 16. Qe2 {[%clk 01:21:38]} Rfe8 {[%clk 01:19:04]} 17. Rad1 {[%clk
01:21:38]} Qb7 {[%clk 01:19:04]} 18. a4 {[%clk 01:21:38]} Rad8 {[%clk
01:19:04]} 19. Bh4 {[%clk 00:45:11]} {[%emt 01:33:11]} Rd7 {[%clk 00:38:06]}
20. a5 {[%clk 00:43:14]} {[%emt 00:04:49]} Nxa5 {[%clk 00:37:46]} {[%emt
00:00:51]} 21. Nxa5 {[%clk 00:43:23]} {[%emt 00:00:20]} bxa5 {[%clk 00:38:06]}
{[%emt 00:00:11]} 22. Ba4 {[%clk 00:43:34]} {[%emt 00:00:19]} Rdd8 {[%clk
00:32:01]} {[%emt 00:06:35]} 23. Bxe8 {[%clk 00:41:24]} {[%emt 00:02:40]} Rxe8
{[%clk 00:32:22]} {[%emt 00:00:09]} 24. Ng5 {[%clk 00:40:14]} {[%emt 00:01:39]}
Nxg5 {[%clk 00:30:09]} {[%emt 00:02:44]} 25. Bxg5 {[%clk 00:40:33]} {[%emt
00:00:12]} Bd7 {[%clk 00:29:22]} {[%emt 00:01:12]} 26. h4 {[%clk 00:32:05]}
{[%emt 00:09:02]} Bb5 {[%clk 00:27:10]} {[%emt 00:02:35]} 27. Qg4 {[%clk
00:30:12]} {[%emt 00:02:29]} Bc4 {[%clk 00:25:01]} {[%emt 00:02:38]} 28. Rd2
{[%clk 00:22:30]} {[%emt 00:08:14]} h5 {[%clk 00:20:47]} {[%emt 00:04:45]} 29.
Qg3 {[%clk 00:19:51]} {[%emt 00:03:09]} Kh7 {[%clk 00:18:41]} {[%emt 00:02:36]}
30. Ra1 {[%clk 00:17:12]} {[%emt 00:03:08]} Qb6 {[%clk 00:17:29]} {[%emt
00:01:39]} 31. Qe3 {[%clk 00:16:44]} {[%emt 00:01:01]} Qc7 {[%clk 00:15:37]}
{[%emt 00:02:20]} 32. b4 {[%clk 00:16:28]} {[%emt 00:00:48]} axb4 {[%clk
00:15:32]} {[%emt 00:00:35]} 33. Rxa7 {[%clk 00:13:44]} {[%emt 00:03:56]} Qb8
{[%clk 00:13:50]} 34. cxb4 {[%clk 00:13:44]} {[%emt 00:02:01]} d4 {[%clk
00:09:20]} {[%emt 00:09:44]} 35. Qa3 {[%clk 00:07:09]} {[%emt 00:03:21]} Qc7
{[%clk 00:06:20]} 1-0

[Event "Deutsche Ländermeisterschaft 2025"]
[Site "Oer-Erkenschwick GER"]
[Date "2025.10.04"]
[Round "6"]
[White "Chandrasekher, Ritu"]
[Black "Busch, Lara Sophie"]
[Result "0-1"]
[Termination "normal"]
[Board "8.6"]
[WhiteElo "1600"]
[BlackElo "1704"]
[WhiteClock "00:15:57"]
[BlackClock "00:33:28"]
[WhiteTeam "Mecklenburg-Vorpommern"]
[BlackTeam "Hamburg 1"]
[PlyCount "58"]
[WhiteFideId "34609024"]
[BlackFideId "34664866"]
[EventCountry "GER"]
[EventRounds "7"]
[EventType "team-swiss"]
[EventDate "2025.09.30"]

1. Nf3 {[%clk 01:30:56]} {[%emt 00:00:04]} d5 {[%clk 01:30:51]} {[%emt
00:00:10]} 2. g3 {[%clk 01:31:19]} {[%emt 00:00:06]} Bf5 {[%clk 01:30:56]}
{[%emt 00:00:26]} 3. Bg2 {[%clk 01:31:35]} {[%emt 00:00:13]} c6 {[%clk
01:31:18]} {[%emt 00:00:09]} 4. O-O {[%clk 01:31:49]} {[%emt 00:00:15]} e6
{[%clk 01:31:36]} {[%emt 00:00:12]} 5. d3 {[%clk 01:32:07]} {[%emt 00:00:12]}
h6 {[%clk 01:31:43]} {[%emt 00:00:24]} 6. Nbd2 {[%clk 01:32:03]} {[%emt
00:00:33]} Nf6 {[%clk 01:31:42]} {[%emt 00:00:32]} 7. Re1 {[%clk 01:31:15]}
{[%emt 00:01:17]} Be7 {[%clk 01:31:35]} {[%emt 00:00:38]} 8. Nf1 {[%clk
01:27:53]} {[%emt 00:03:51]} O-O {[%clk 01:30:58]} {[%emt 00:01:07]} 9. h3
{[%clk 01:27:23]} {[%emt 00:01:01]} Bh7 {[%clk 01:29:38]} {[%emt 00:01:50]} 10.
g4 {[%clk 01:25:27]} {[%emt 00:02:26]} Nbd7 {[%clk 01:21:48]} {[%emt 00:08:21]}
11. Ng3 {[%clk 01:23:11]} {[%emt 00:02:44]} Qc7 {[%clk 01:17:52]} {[%emt
00:04:27]} 12. Nh2 {[%clk 01:18:58]} {[%emt 00:04:42]} Bc5 {[%clk 01:12:37]}
{[%emt 00:05:46]} 13. e4 {[%clk 01:15:32]} {[%emt 00:03:56]} Qxg3 {[%clk
01:09:57]} {[%emt 00:03:09]} 14. Be3 {[%clk 01:11:44]} {[%emt 00:04:18]} Bxe3
{[%clk 01:09:21]} {[%emt 00:01:07]} 15. Rxe3 {[%clk 01:11:54]} {[%emt
00:00:19]} Qc7 {[%clk 01:09:33]} {[%emt 00:00:18]} 16. Qe2 {[%clk 01:07:23]}
{[%emt 00:05:02]} dxe4 {[%clk 01:00:52]} {[%emt 00:09:11]} 17. dxe4 {[%clk
01:06:00]} {[%emt 00:01:52]} Rfd8 {[%clk 00:59:08]} {[%emt 00:02:14]} 18. Rf1
{[%clk 01:00:08]} {[%emt 00:06:21]} g5 {[%clk 00:54:17]} {[%emt 00:05:22]} 19.
Re1 {[%clk 00:52:35]} {[%emt 00:08:03]} Nf8 {[%clk 00:49:26]} {[%emt 00:05:18]}
20. Nf1 {[%clk 00:42:01]} {[%emt 00:11:07]} Ng6 {[%clk 00:49:19]} {[%emt
00:00:37]} 21. Ng3 {[%clk 00:40:39]} {[%emt 00:01:51]} Nf4 {[%clk 00:47:58]}
{[%emt 00:01:52]} 22. Qf3 {[%clk 00:39:57]} {[%emt 00:01:11]} Rd2 {[%clk
00:46:16]} {[%emt 00:02:14]} 23. Nh5 {[%clk 00:35:16]} {[%emt 00:05:10]} N6xh5
{[%clk 00:45:26]} {[%emt 00:01:21]} 24. gxh5 {[%clk 00:35:29]} {[%emt
00:00:16]} Rad8 {[%clk 00:39:56]} {[%emt 00:06:01]} 25. h4 {[%clk 00:29:32]}
{[%emt 00:06:26]} Qe7 {[%clk 00:35:33]} {[%emt 00:04:49]} 26. hxg5 {[%clk
00:24:53]} {[%emt 00:05:13]} Qxg5 {[%clk 00:35:24]} {[%emt 00:00:39]} 27. Rb3
{[%clk 00:20:41]} {[%emt 00:04:42]} Rxc2 {[%clk 00:33:30]} {[%emt 00:02:24]}
28. Rxb7 {[%clk 00:15:50]} {[%emt 00:05:22]} Rd3 {[%clk 00:33:28]} {[%emt
00:00:32]} 29. Re3 {[%clk 00:15:57]} {[%emt 00:00:23]} Rxe3 {[%clk 00:33:28]}
{[%emt 00:00:31]} 0-1

[Event "Deutsche Ländermeisterschaft 2025"]
[Site "Oer-Erkenschwick GER"]
[Date "2025.10.04"]
[Round "6"]
[White "Du, Vivian"]
[Black "König, Lian"]
[Result "0-1"]
[Termination "normal"]
[Board "8.7"]
[WhiteElo "1440"]
[BlackElo "1482"]
[WhiteClock "00:58:21"]
[BlackClock "00:05:34"]
[WhiteTeam "Hamburg 1"]
[BlackTeam "Mecklenburg-Vorpommern"]
[PlyCount "168"]
[WhiteFideId "533025924"]
[BlackFideId "34660216"]
[EventCountry "GER"]
[EventRounds "7"]
[EventType "team-swiss"]
[EventDate "2025.09.30"]

1. e4 {[%clk 01:30:59]} e5 {[%clk 01:30:55]} {[%emt 00:00:06]} 2. Nf3 {[%clk
01:31:23]} {[%emt 00:00:05]} Nc6 {[%clk 01:31:19]} {[%emt 00:00:06]} 3. Bc4
{[%clk 01:31:48]} {[%emt 00:00:05]} Bc5 {[%clk 01:31:40]} {[%emt 00:00:10]} 4.
d3 {[%clk 01:32:11]} {[%emt 00:00:07]} h6 {[%clk 01:31:39]} {[%emt 00:00:31]}
5. c3 {[%clk 01:32:29]} {[%emt 00:00:11]} Nf6 {[%clk 01:31:39]} {[%emt
00:00:31]} 6. Nbd2 {[%clk 01:32:25]} {[%emt 00:00:35]} d6 {[%clk 01:29:23]}
{[%emt 00:02:46]} 7. Bb3 {[%clk 01:31:17]} {[%emt 00:01:37]} O-O {[%clk
01:28:30]} {[%emt 00:01:23]} 8. O-O {[%clk 01:31:13]} {[%emt 00:00:34]} a6
{[%clk 01:26:42]} {[%emt 00:02:18]} 9. Re1 {[%clk 01:30:31]} {[%emt 00:01:12]}
Nh5 {[%clk 01:24:08]} {[%emt 00:03:05]} 10. Nf1 {[%clk 01:29:03]} {[%emt
00:01:57]} Qf6 {[%clk 01:19:19]} {[%emt 00:05:19]} 11. Be3 {[%clk 01:26:07]}
{[%emt 00:03:26]} Ba7 {[%clk 01:10:01]} {[%emt 00:09:49]} 12. Bxa7 {[%clk
01:23:21]} {[%emt 00:03:15]} Nxa7 {[%clk 01:09:30]} {[%emt 00:01:01]} 13. Ne3
{[%clk 01:22:27]} {[%emt 00:01:25]} Be6 {[%clk 01:03:09]} {[%emt 00:06:50]} 14.
Bxe6 {[%clk 01:20:13]} {[%emt 00:02:44]} fxe6 {[%clk 01:00:20]} {[%emt
00:03:19]} 15. d4 {[%clk 01:18:04]} {[%emt 00:02:39]} exd4 {[%clk 00:48:49]}
{[%emt 00:12:01]} 16. Qxd4 {[%clk 01:16:39]} {[%emt 00:01:55]} Qg6 {[%clk
00:44:43]} {[%emt 00:04:36]} 17. Kf1 {[%clk 01:06:52]} {[%emt 00:10:18]} Nf4
{[%clk 00:37:53]} {[%emt 00:07:20]} 18. Red1 {[%clk 00:58:54]} {[%emt
00:08:27]} Nc6 {[%clk 00:28:23]} {[%emt 00:10:00]} 19. Qc4 {[%clk 00:56:55]}
{[%emt 00:02:25]} Rad8 {[%clk 00:22:11]} {[%emt 00:06:47]} 20. Qb3 {[%clk
00:53:24]} {[%emt 00:03:58]} Qxe4 {[%clk 00:13:42]} {[%emt 00:08:59]} 21. Qxb7
{[%clk 00:49:49]} {[%emt 00:04:07]} Nxg2 {[%clk 00:09:43]} {[%emt 00:04:30]}
22. Nxg2 {[%clk 00:47:04]} {[%emt 00:03:14]} Qxf3 {[%clk 00:09:50]} {[%emt
00:00:23]} 23. Rd2 {[%clk 00:47:03]} {[%emt 00:00:30]} Ne5 {[%clk 00:07:32]}
{[%emt 00:02:49]} 24. Qxa6 {[%clk 00:44:30]} {[%emt 00:03:03]} Ng4 {[%clk
00:06:52]} {[%emt 00:01:10]} 25. Qe2 {[%clk 00:44:24]} {[%emt 00:00:36]} Qxe2+
{[%clk 00:06:01]} {[%emt 00:01:21]} 26. Rxe2 {[%clk 00:44:44]} {[%emt
00:00:10]} Nxh2+ {[%clk 00:06:15]} {[%emt 00:00:17]} 27. Ke1 {[%clk 00:44:14]}
{[%emt 00:00:59]} Nf3+ {[%clk 00:06:15]} {[%emt 00:00:30]} 28. Kd1 {[%clk
00:44:06]} {[%emt 00:00:39]} e5 {[%clk 00:06:30]} {[%emt 00:00:13]} 29. a4
{[%clk 00:43:52]} {[%emt 00:00:45]} Kf7 {[%clk 00:06:25]} {[%emt 00:00:35]} 30.
a5 {[%clk 00:43:29]} {[%emt 00:00:54]} Ke7 {[%clk 00:06:30]} {[%emt 00:00:25]}
31. b4 {[%clk 00:43:41]} {[%emt 00:00:18]} Rb8 {[%clk 00:04:48]} {[%emt
00:02:11]} 32. Rb2 {[%clk 00:43:27]} {[%emt 00:00:44]} c6 {[%clk 00:04:47]}
{[%emt 00:00:31]} 33. c4 {[%clk 00:43:31]} {[%emt 00:00:27]} Nd4 {[%clk
00:04:54]} {[%emt 00:00:23]} 34. a6 {[%clk 00:43:10]} {[%emt 00:00:51]} Kd7
{[%clk 00:04:38]} {[%emt 00:00:45]} 35. a7 {[%clk 00:43:25]} {[%emt 00:00:15]}
Ra8 {[%clk 00:04:48]} {[%emt 00:00:20]} 36. b5 {[%clk 00:43:40]} {[%emt
00:00:15]} cxb5 {[%clk 00:04:46]} {[%emt 00:00:33]} 37. cxb5 {[%clk 00:44:02]}
{[%emt 00:00:08]} Kc7 {[%clk 00:05:01]} {[%emt 00:00:14]} 38. Ne3 {[%clk
00:43:58]} {[%emt 00:00:34]} Kb7 {[%clk 00:04:40]} {[%emt 00:00:51]} 39. b6
{[%clk 00:43:51]} {[%emt 00:00:38]} Rfc8 {[%clk 00:04:30]} {[%emt 00:00:40]}
40. Nd5 {[%clk 00:42:55]} {[%emt 00:01:25]} Ne6 {[%clk 00:03:54]} {[%emt
00:01:06]} 41. Rc1 {[%clk 00:40:45]} {[%emt 00:02:41]} Nc5 {[%clk 00:18:02]}
{[%emt 00:16:21]} 42. Rcb1 {[%clk 01:06:39]} {[%emt 00:04:36]} Nd7 {[%clk
00:11:22]} {[%emt 00:07:10]} 43. Nc7 {[%clk 01:05:29]} {[%emt 00:01:40]} Rxc7
{[%clk 00:11:27]} {[%emt 00:00:25]} 44. bxc7+ {[%clk 01:05:52]} {[%emt
00:00:06]} Kxc7 {[%clk 00:11:50]} {[%emt 00:00:08]} 45. Rb7+ {[%clk 01:04:16]}
{[%emt 00:02:07]} Kc6 {[%clk 00:12:06]} {[%emt 00:00:13]} 46. Rb8 {[%clk
01:02:32]} {[%emt 00:02:14]} Rxa7 {[%clk 00:10:45]} {[%emt 00:01:51]} 47. Rc8+
{[%clk 01:02:41]} {[%emt 00:00:21]} Kd5 {[%clk 00:10:12]} {[%emt 00:01:03]} 48.
Rc3 {[%clk 01:01:39]} {[%emt 00:01:31]} Nc5 {[%clk 00:08:35]} {[%emt 00:02:08]}
49. Rg3 {[%clk 01:00:02]} {[%emt 00:02:07]} g5 {[%clk 00:08:52]} {[%emt
00:00:14]} 50. Ke1 {[%emt 00:01:53]} Ne6 {[%clk 00:07:58]} {[%emt 00:01:21]}
51. Rd1+ {[%clk 00:56:34]} {[%emt 00:02:37]} Kc6 {[%clk 00:08:17]} {[%emt
00:00:11]} 52. Rc3+ {[%clk 00:56:22]} {[%emt 00:00:42]} Nc5 {[%clk 00:08:04]}
{[%emt 00:00:43]} 53. Rh3 {[%clk 00:56:11]} {[%emt 00:00:40]} Rh7 {[%clk
00:07:34]} {[%emt 00:01:01]} 54. Rf3 {[%clk 00:56:08]} {[%emt 00:00:33]} h5
{[%emt 00:03:49]} 55. Rf6 {[%clk 00:55:05]} {[%emt 00:01:32]} Ne4 {[%clk
00:03:55]} {[%emt 00:00:51]} 56. Rf8 {[%clk 00:53:00]} {[%emt 00:02:35]} g4
{[%clk 00:03:29]} {[%emt 00:00:56]} 57. Rc1+ {[%clk 00:52:36]} {[%emt
00:00:54]} Kd7 {[%clk 00:03:40]} {[%emt 00:00:19]} 58. Rcc8 {[%clk 00:51:57]}
{[%emt 00:01:08]} Rh6 {[%clk 00:03:06]} {[%emt 00:01:05]} 59. Rfd8+ {[%clk
00:52:03]} {[%emt 00:00:24]} Ke6 {[%clk 00:03:22]} {[%emt 00:00:12]} 60. Rh8
{[%clk 00:51:55]} {[%emt 00:00:41]} Rxh8 {[%clk 00:03:34]} {[%emt 00:00:17]}
61. Rxh8 {[%clk 00:52:20]} {[%emt 00:00:05]} Nf6 {[%clk 00:03:52]} {[%emt
00:00:13]} 62. Ke2 {[%clk 00:52:37]} {[%emt 00:00:13]} e4 {[%clk 00:03:40]}
{[%emt 00:00:41]} 63. Ke3 {[%clk 00:52:30]} {[%emt 00:00:37]} d5 {[%clk
00:03:19]} {[%emt 00:00:51]} 64. Kd4 {[%clk 00:52:53]} {[%emt 00:00:08]} Kf5
{[%clk 00:03:35]} {[%emt 00:00:14]} 65. Ke3 {[%clk 00:53:07]} {[%emt 00:00:16]}
Ke5 {[%clk 00:03:42]} {[%emt 00:00:22]} 66. Ke2 {[%clk 00:53:05]} {[%emt
00:00:32]} Kf5 {[%clk 00:02:56]} {[%emt 00:01:16]} 67. Ke3 {[%clk 00:53:19]}
{[%emt 00:00:16]} Kg5 {[%clk 00:02:44]} {[%emt 00:00:43]} 68. Kd4 {[%clk
00:53:22]} {[%emt 00:00:26]} h4 {[%clk 00:01:35]} {[%emt 00:01:39]} 69. Ke3
{[%clk 00:53:21]} {[%emt 00:00:31]} h3 {[%clk 00:01:36]} {[%emt 00:00:29]} 70.
Kd4 {[%clk 00:53:38]} {[%emt 00:00:14]} Kf4 {[%clk 00:01:35]} {[%emt 00:00:31]}
71. Kc3 {[%clk 00:53:47]} {[%emt 00:00:21]} Kf3 {[%clk 00:01:49]} {[%emt
00:00:15]} 72. Rf8 {[%clk 00:54:00]} {[%emt 00:00:17]} Kxf2 {[%clk 00:02:07]}
{[%emt 00:00:12]} 73. Rxf6+ {[%clk 00:54:25]} {[%emt 00:00:04]} Kg2 {[%clk
00:02:30]} {[%emt 00:00:07]} 74. Kd4 {[%clk 00:54:42]} {[%emt 00:00:13]} h2
{[%clk 00:02:49]} {[%emt 00:00:11]} 75. Rg6 {[%clk 00:55:04]} {[%emt 00:00:08]}
g3 {[%clk 00:03:08]} {[%emt 00:00:11]} 76. Kxd5 {[%clk 00:55:18]} {[%emt
00:00:16]} h1=Q {[%emt 00:00:30]} 77. Kxe4 {[%clk 00:55:39]} {[%emt 00:00:07]}
Qb1+ {[%clk 00:03:30]} {[%emt 00:00:10]} 78. Ke5 {[%clk 00:56:00]} {[%emt
00:00:09]} Qxg6 {[%clk 00:03:49]} {[%emt 00:00:10]} 79. Kf4 {[%clk 00:56:25]}
{[%emt 00:00:05]} Kf2 {[%clk 00:04:06]} {[%emt 00:00:14]} 80. Ke5 {[%clk
00:56:47]} {[%emt 00:00:09]} g2 {[%clk 00:04:27]} {[%emt 00:00:08]} 81. Kf4
{[%clk 00:57:13]} {[%emt 00:00:04]} g1=Q {[%clk 00:04:49]} {[%emt 00:00:08]}
82. Ke5 {[%clk 00:57:37]} {[%emt 00:00:06]} Qe1+ {[%clk 00:04:51]} {[%emt
00:00:27]} 83. Kd4 {[%clk 00:57:57]} {[%emt 00:00:11]} Qd6+ {[%clk 00:05:13]}
{[%emt 00:00:07]} 84. Kc4 {[%clk 00:58:21]} {[%emt 00:00:07]} Qeb4# {[%clk
00:05:34]} {[%emt 00:00:07]} 0-1